| 000 | 00462nam a2200157Ia 4500 | ||
|---|---|---|---|
| 999 |
_c32680 _d32680 |
||
| 003 | OSt | ||
| 005 | 20200930142823.0 | ||
| 008 | 190216s9999||||xx |||||||||||||| ||und|| | ||
| 040 | _coclc | ||
| 082 |
_a612 _bFOS/P |
||
| 100 |
_aFoster, Michael _95232 |
||
| 245 | 0 |
_aPhysiology For Beginners / _cMichael Foster ; Lewis E Shore |
|
| 260 |
_bMacmillan &co Ltd, _aLondon: _c1964. |
||
| 300 | _a259p | ||
| 942 |
_cBK _2ddc _h612 _iFOS/P _k612 _mFOS/P |
||